1486 1062 1742 1576 1847 1151 1293 1859 1962 1235 1024 1131 1700 1424 1383 1300 1933 1952 1579 1971 1422 1757 1011 1245 1650 1874 1166 1871 1858 1015 1438 1110 1678 1043 1590 1683 1136 1728 1055 1121 1453 1379 2000 1486 1544 1097 1817 1352 1270 1752 1409 1872 1874 1694 1573 1634 1810 1644 1262 1665 1631 1788 1972 1943 1535 1101 1127 1490 1573 1930 1999 1170 1576 1616 1946 1643 1044 1024 1570 1257 1660 1048 1332 1788 1722 1051 1281 1527 1036 1695 1424 1558 1769 1484 1548 1442 1100 1996 1029 BCNSPRNW ULIB Ver.6.0+V

เปลี่ยนเป็นภาษาไทย

Change to English
 แสดงรายละเอียดบรรณานุกรม
  กลับหน้าหลัก

Brief Record : Get Marc (ISO 2709) : E-mail record : QR code < ปิดหน้าต่าง
LEADER : 00000nam 2200000uu 4500
001    13399114755
003     ULIB
008    120514s2554||||th 000 0 tha d
020    ^a9786167291116
060 04 ^aWS105^bว413ฉ
100 0  ^aวัณเพ็ญ บุญประกอบ
245 10 ^aฉลาดรู้อารมณ์จิตใจลูกรัก /^cวัณเพ็ญ บุญประกอบ
250    ^aพิมพ์ครั้งที่ 1
260    ^aกรุงเทพฯ :^bรักลูกBooks,^c2554
300    ^a147 หน้า
650  7 ^aเลี้ยงลูก
650  7 ^aอารมณ์และจิตใจเด็ก
710 2  ^aรักลูกBooks
945    ^p165^l0^i19032
995    ^aกัณชพร
999    ^aใช้งานได้ทุกระบบ
รายการนี้ยังไม่มีแท็ก
คุณยังไม่ได้ล็อกอิน คุณสามารถมีกิจกรรมร่วมกับเว็บไซต์ได้ แต่ต้องล็อกอินก่อน ::
  ล็อกอิน

รายการสื่อสารสนเทศ

ลำดับที่ ประเภท เลขเรียก/บาร์โค้ด สถานที่ สถานะ
1. วิทยาศาสตร์การแพทย์ และสุขภาพ
วิทยาศาสตร์การแพทย์ และสุขภาพ
สถานะ=หนังสือเก่า
WS105 ว413ฉ  
  Barcode: 19032
ห้องสมุดวิทยาเขตนครสวรรค์
►ส่วนจัดเก็บหนังสือเก่า นว.
บนชั้น
  ขอยืม

รายการใกล้เคียง
    ผู้แต่ง [วัณเพ็ญ บุญประกอบ]

    หัวเรื่อง [เลี้ยงลูก]
    หัวเรื่อง [อารมณ์และจิตใจเด็ก]

BibComment


ยังไม่เคยถูกคอมเมนท์

คอมเมนท์ทรัพยากรรายการนี้
  คอมเมนท์: ฉลาดรู้อารมณ์จิต..


 Copyright 2026. Bcnsprnw @Library